| 000 | 011030am a2200277 004500 | ||
|---|---|---|---|
| 003 | EG-GiCUC | ||
| 008 | 061022s2003 ua ae g f000 0 ara d | ||
| 017 |
_a2003 / 17387 _bمصر.دار الكتب |
||
| 040 |
_aEG-GiCUC _bara _cEG-GiCUC |
||
| 043 | _af-ua--- | ||
| 050 | 4 |
_aHB1071.7.A3 _bS8 2003 |
|
| 092 | 0 | 4 |
_a304.60962 _bS9488 2003 _221 |
| 099 |
_a04 _a304.60962 S9488 2003 |
||
| 245 | 0 | 0 | _aسكان مصر فى القرن العشرين |
| 260 |
_aالقاهرة : _bالمركز الديموجرافى بالقاهرة : _c2003 |
||
| 300 |
_a396ص : _bايض : مؤطرات لو ؛ _c25سم |
||
| 504 | _aيشتمل على ارجاعات ببليوجرافية | ||
| 651 | 7 |
_aمصر _xالاحوال الاجتماعية _yالقرن العشرون _2qrmak |
|
| 651 | 7 |
_aمصر _xالاحوال الاقتصادية _yالقرن العشرون _2qrmak |
|
| 651 | 7 |
_aمصر _xالسكان _2qrmak |
|
| 651 | 7 |
_aمصر _xالسكان _vاحصائيات _2qrmak |
|
| 710 | 2 | _aالمركز الديموجرافى بالقاهرة | |
| 902 | _a2 | ||
| 905 |
_aامل _eمدخل |
||
| 942 |
_2ddc _cBK |
||
| 999 |
_c87917 _d87917 |
||